|
|
|
|
| LEADER |
01568nam a2200325 a 4500 |
| 001 |
c000158104 |
| 003 |
CARM |
| 005 |
20021107155718.0 |
| 008 |
791018s1964 dcua 000 0 eng d |
| 019 |
1 |
|
|a 2529152
|z 2683366
|5 LACONCORD2021
|
| 035 |
|
|
|a (OCoLC)220095191
|5 LACONCORD2021
|
| 040 |
|
|
|a VCAV
|b eng
|c VCAV
|d VCAV
|
| 082 |
0 |
4 |
|a 612.01448
|
| 110 |
2 |
|
|a International Commission on Radiological Units and Measurements.
|
| 245 |
1 |
0 |
|a Physical aspects of irradiation :
|b recommendations of the International Commission on Radiological Units and Measurements (ICRU). Report 10b 1962.
|
| 260 |
|
|
|a Washington, D.C. :
|b U.S. Government Printing Office,
|c 1964.
|
| 300 |
|
|
|a viii, 106 p. :
|b ill. ;
|c 26 cm.
|
| 440 |
|
0 |
|a ICRU report ;
|v 10b
|
| 490 |
1 |
|
|a National Bureau of Standards handbook ;
|v 85
|
| 500 |
|
|
|a "Issued March 31, 1964."
|
| 500 |
|
|
|a "This publication supersedes parts of H78. Handbooks 84 through 89 extend and largely replace H78."
|
| 500 |
|
|
|a At head of title: United States Department of Commerce, National Bureau of Standards.
|
| 500 |
|
|
|a Includes bibliographical references.
|
| 650 |
|
0 |
|a Radioactivity
|x Physiological effect.
|
| 650 |
|
0 |
|a Radiology, Medical.
|
| 710 |
1 |
|
|a United States.
|b National Bureau of Standards
|
| 810 |
1 |
|
|a United States.
|b National Bureau of Standards.
|t Handbook ;
|v 85.
|
| 852 |
8 |
|
|b CARM
|h A2:AQ03E0
|i D06051
|p 0219605
|f BK
|
| 999 |
f |
f |
|i 9a141866-a9c8-55d0-8d46-38fa194d9f3a
|s 26010797-04b6-5fa8-aa4a-42c5254f703f
|
| 952 |
f |
f |
|p Can circulate
|a CAVAL
|b CAVAL
|c CAVAL
|d CARM 1 Store
|e D06051
|f A2:AQ03E0
|h Other scheme
|i book
|m 0219605
|